| 000 | 00737cam a2200229 a 4500 | ||
|---|---|---|---|
| 001 | 000011063 | ||
| 005 | 20240410183719.0 | ||
| 008 | 850206s1952 sp b 000 0 spa d | ||
| 040 |
_aDO-SdBNP _bspa _cBNPHU |
||
| 082 |
_a610.6 _bD352m |
||
| 100 | 1 |
_aDelgado, Honorio, _d1892-1969. _926563 |
|
| 245 | 1 | 3 |
_aEl médico, la medicina y el alma / _cHonorio Delgado. |
| 260 |
_aMadrid, (España) : _bEditorial Paz Montalvo, _c1952. |
||
| 300 |
_a212 p. ; _c22 cm. |
||
| 504 | _aIncluye referencias bibliográficas | ||
| 504 | _aIncluye notas al pie de las páginas. | ||
| 650 | 0 |
_aMedicina _912481 |
|
| 650 | 4 |
_aMedicina como profesión _926564 |
|
| 650 | 4 |
_aMedicina _xHistoria _918676 |
|
| 910 | _aCatalogación derivada | ||
| 049 | _aBNGR | ||
| 999 |
_c10789 _d10789 |
||